Statistics for Countries With The Best Military - In Order

Click here to take the quiz!

General Stats

  • This quiz has been taken 91 times
  • The average score is 12 of 15

Answer Stats

HintAnswer% Correct
3China
100%
2Russia
100%
1United States
99%
9United Kingdom
97%
4Japan
96%
6France
92%
5India
88%
7South Korea
79%
8Italy
78%
11Pakistan
76%
10Turkey
74%
15Australia
73%
12Egypt
64%
14Israel
53%
13Taiwan
46%

Score Distribution

Percentile by Number Answered

Percent of People with Each Score

Your Score History

You have not taken this quiz